| 000 | 00363nam a2200133Ia 4500 | ||
|---|---|---|---|
| 008 | 230917s9999||||xx |||||||||||||| ||und|| | ||
| 040 |
_e90514 _aMAIN |
||
| 041 | _aEnglish | ||
| 082 | _a616.01 C393T | ||
| 100 | _aChaudhry, Manju | ||
| 245 | 0 | _aTo study the incidence of gardenrella vaginalis in non-specific vaginitis in Haryana | |
| 300 | _a76 p. | ||
| 942 | _cTH | ||
| 999 |
_c72202 _d72202 |
||